| 000 | 00410nam a2200169Ia 4500 | ||
|---|---|---|---|
| 008 | 230524s9999 xx 000 0 und d | ||
| 020 | _a8120306937 | ||
| 082 |
_a4.3 _bRAJ |
||
| 100 |
_aV.Rajaraman _92240 |
||
| 245 | 0 | _aAnalysis and Design of Information Systems | |
| 250 | _a3RD | ||
| 260 |
_aNEW DELHI _bPHI _c1999 |
||
| 300 | _aXI;359 | ||
| 500 | _aQuantity Number: 1 | ||
| 650 | _aComp-Sc | ||
| 942 | _cBK | ||
| 999 |
_c4202 _d4202 |
||